• 首页
  • 本馆介绍
  • 公告通知
  • 最新文献
  • 馆藏检索
  • 电子资源
  • 读者导购
  • 参考咨询
  • 我的图书馆
  • 登录
  • 详细信息显示
  • 放入我的书架
  • 预约/预借图书
  • 作者相关作品
  • 分类相关作品
  • 丛书相关作品
  • 出版社相关作品

书目信息

  • 表格格式
  • 工作单格式
  • 卡片格式
题名:
向着美的方向生长
    
 
作者: 高德品 等著
分册:  
出版信息: 上海   华东师范大学出版社  2019.08
页数: 228页
开本: 24cm
丛书名:
单 册:
中图分类: G633.950.2
科图分类:
主题词: 美育--教学研究--高中--上海
电子资源:
ISBN: 978-7-5675-9371-8
000 00981nam0 2200241 450
001 0103152651
005 20201103152731.0
010    @a978-7-5675-9371-8@dCNY58.00
100    @a20200408d2019 em y0chiy50 ea
101 0  @achi
102    @aCN@b310000
105    @aa z 000yy
106    @ar
200 1  @a向着美的方向生长@Axiang zhe mei de fang xiang sheng zhang@e上海市松江区第四中学尚美教育的研究与实践@f高德品等著
210    @a上海@c华东师范大学出版社@d2019.08
215    @a228页@c图, 照片@d24cm
300    @a2015年度松江区重点课题“实施尚美教育,引领特色高中发展的实施研究”的研究成果
330    @a本书共分七章,包括“尚美教育的发展历程:寻美道路”“尚美教育的价值追求:与美相遇”“尚美教育的课程体系:尚美养正”“尚美教育的特色课程:以美育美”“尚美教育的教学变革:‘211’课堂”等内容。
606 0  @a美育@x教学研究@x高中@y上海
690    @aG633.950.2@v5
701  0 @a高德品@Agao de pin@4等著
801  0 @aCN@bBJSZM@c20201103
905    @b1256551-5@dG633.950.2@e208@f5
    
    向着美的方向生长:上海市松江区第四中学尚美教育的研究与实践/高德品等著.-上海:华东师范大学出版社,2019.08
    228页:图, 照片;24cm
    2015年度松江区重点课题“实施尚美教育,引领特色高中发展的实施研究”的研究成果
    
    ISBN 978-7-5675-9371-8:CNY58.00
    本书共分七章,包括“尚美教育的发展历程:寻美道路”“尚美教育的价值追求:与美相遇”“尚美教育的课程体系:尚美养正”“尚美教育的特色课程:以美育美”“尚美教育的教学变革:‘211’课堂”等内容。
●
相关链接 在E读中查询图书 在五车中查询图书 在当当中查询图书 在豆瓣中查询图书


正题名:向着美的方向生长     索取号:G633.950.2/208         预约/预借

序号 登录号 条形码 馆藏地/架位号 状态 备注
1 1256551   212565516   第一样本阅览室/ [索取号:G633.950.2/208] 在馆    
2 1256552   212565525   教育系资料室/ [索取号:G633.950.2/208] 在馆    
3 1256553   212565534   教育系资料室/ [索取号:G633.950.2/208] 在馆    
4 1256554   212565543   第四借阅区/ [索取号:G633.950.2/208] 在馆    
5 1256555   212565552   第四借阅区/ [索取号:G633.950.2/208] 在馆    
欢迎您!
大连网信软件有限公司© 版权所有